000 00344nam a22001457a 4500
008 250417b ||||| |||| 00| 0 eng d
020 _a9789951053785
041 _aSHQIP
080 _22021
_a82BUR
082 _282BUR
_a82BUR
100 _a01
101 _aGJUHE SHQIPE
245 _aINTELIGJENCA ARTIFICIALE
_cMATT BURGESS
942 _2udc
_cBK
999 _c60662
_d60662